000 00208nam a22000977a 4500
999 _c65186
_d65183
082 _a297.321ز ک ر
100 _aمحمد ز کرِِیا
245 _aفضائل صدقات
300 _a۲۳۲
942 _cBK